Préadolescence : (Record no. 13142)
[ view plain ]
| 000 -LEADER | |
|---|---|
| fixed length control field | 00453nam a2200169 a 4500 |
| 020 ## - INTERNATIONAL STANDARD BOOK NUMBER | |
| ISBN | 2710110636 |
| 040 ## - CATALOGING SOURCE | |
| Transcribing agency | DLC |
| 082 00 - DEWEY DECIMAL CLASSIFICATION NUMBER | |
| Classification number | 305 ESF 1994 A013 Or. |
| 245 00 - TITLE STATEMENT | |
| Title | Préadolescence : |
| Remainder of title | théorie, recherche et clinique / |
| 260 ## - PUBLICATION, DISTRIBUTION, ETC. (IMPRINT) | |
| Place of publication | Paris : |
| Name of publisher | ESF, |
| Year of publication | c1994. |
| 300 ## - PHYSICAL DESCRIPTION | |
| Number of Pages | 261 p. : |
| Other physical details | ill. ; |
| Dimensions | 24 cm. |
| 490 1# - SERIES STATEMENT | |
| Series statement | Collection La Vie de l'enfant |
| 650 #0 - SUBJECT ADDED ENTRY--TOPICAL TERM | |
| Topical Term | Child development. |
| 650 #0 - SUBJECT ADDED ENTRY--TOPICAL TERM | |
| Topical Term | Adolescence. |
| 700 1# - ADDED ENTRY--PERSONAL NAME | |
| Personal name | Bolognini, Monique. |
| 942 ## - ADDED ENTRY ELEMENTS (KOHA) | |
| Koha item type | សៀវភៅភាសាអង់គ្លេស |
| 952 ## - LOCATION AND ITEM INFORMATION (KOHA) | |
| Withdrawn status [LOCAL, KOHA] | 0 |
| Permanent Location | Date acquired | Koha item type | Lost status | Shelving location | Barcode | Current Location | Full call number |
|---|---|---|---|---|---|---|---|
| Library Block A | 2017-08-20 | សៀវភៅភាសាអង់គ្លេស | A013 | A15895 | Library Block A | 305 ESF 1994 A013 Or. |